000 01080cam a2200289 4500
001 31229
003 BD-RjUL
005 20211209051656.0
008 140413s1937 ii 001 0 eng d
035 _a(OCoLC)ocm04936479
035 _a(BD-RjUL)31316
040 _aDLC
_cCLE
_dSER
_dZCU
_dBD-RjUL
_beng
041 _aeng
082 0 4 _a572.891
_bGHA 1937
099 _a892.5AY3
_aDG4
100 1 _aGhosh, Nagendra Nath.
_995019
245 1 4 _aThe Aryan trail in Iran and India :
_ba naturalistic study of the Vedic hymns and the Avesta /
_cby Nagendranath Ghose ...
260 _aCalcutta :
_bUniversity of Calcutta,
_c1937.
300 _axiii, 333 p. ;
_c22 cm.
500 _a"The matters investigated in this book formed the subject of a course of University extension lectures ... delivered in the Department of Anthropology of the Calcutta University in March and April, 1936."--Pref.
504 _aIncludes Index
650 0 _aIndo-Europeans.
_920033
650 0 _a Indo-Aryans.
_9156507
650 0 _aIndo-Iranians.
_95430
942 _2ddc
_cBK
999 _c31229
_d31229